Biblioteca

Historia de la filosofía latinoamericana y filosofía de la liberación / Enrique Dussel (Registro nro. 32107)

Detalles MARC
000 -LÍDER
Campo fijo de descripción fija 007150000a22002050004500
020 ## - NÚMERO INTERNACIONAL NORMALIZADO PARA LIBROS
Número Internacional Normalizado del libro 958-9039-30-8
041 0# - CÓDIGO DE IDIOMA
Código de idioma para texto/pista de sonido o título separado
082 04 - NÚMERO DE CLASIFICACIÓN DECIMAL DEWEY
Número de clasificación G 109 D9774i
001 - NÚMERO DE CONTROL
Campo de control 598
100 1# - ASIENTO PRINCIPAL--NOMBRE PERSONAL
Nombre personal Dussel, Enrique D. (1934-)
245 10 - TÍTULO
Título del Material Historia de la filosofía latinoamericana y filosofía de la liberación / Enrique Dussel
260 ## - PUBLICACIÓN, DISTRIBUCIÓN, ETC. (PIE DE IMPRENTA)
Lugar de publicación, distribución, etc. Bogotá, Colombia : Nueva América
300 ## - DESCRIPCIÓN FÍSICA
Extensión 322 Pag.
336 ## - CONTENT TYPE
Content type term texto
Content type code txt
Source rdacontent
337 ## - MEDIA TYPE
Source rdamedia
Media type term sin mediación
Media type code n
338 ## - CARRIER TYPE
Source rdacarrier
Carrier type term volumen
Carrier type code nc
505 00 - NOTA DE CONTENIDO
Nota de contenido con formato preestablecido ensayos de la historia de la filosofía y la filosofía de la liberación -- estudios sobre Marx -- antiguos trabajos inéditos
650 14 - ASIENTO SECUNDARIO DE MATERIA - TERMINO TEMÁTICO
Término temático o nombre geográfico como elemento de entrada FILOSOFIA - HISTORIA - AMERICA LATINA
942 ## - TIPO DE MATERIAL (KOHA)
Tipo de Item KOHA Libros General
Existencias
Estado de Material Estado de Perdido Estado de Dañado No para Préstamo Colección Tomo Biblioteca de Origen Biblioteca Permanente Fecha de Adquisición Total de Préstamos Signatura Topográfica Código de Barras Última vez visto Ejemplar/Existencia Fecha de Remplazo Tipo de Material
        Colección General   Biblioteca FUSBC Biblioteca FUSBC 17/09/2004   G 109 D9774i 58 12/12/2019 1 26/01/2016 Libros General

Biblioteca FUSBC | Teléfono: (57+4) 349 88 10 Ext. 141| WhatsApp (+57) 3005338115 
E-mail: biblioteca@unisbc.edu.co | Calle 76 87-14 Robledo Palenque, Medellín, Colombia

Con tecnología Koha